000 00594nam a22002177a 4500
003 UA-OsUOA
001 47986
007 ta
008 20070827b un ||||| |||| 00| 0 ukr d
090 _a821.161.1
_bФ11
942 _cBK
040 _aUA-OsUOA
_brus
_cUA-OsUOA
_dUA-OsUOA
245 _aФ.М. Достоевский в воспоминаниях современников
_bТ.1
300 _a438 с.
955 _a3
041 _arus
080 _a821.161.1
260 _aМ.
_c1964
650 7 _a82 Література. Літературознавство
_2UDC
999 _c334088
_d334088